Property market report - January 2005 (Record no. 104359)

MARC details
000 -LEADER
fixed length control field 01137cam a2200217 4500
001 - CONTROL NUMBER
control field L130126
008 - FIXED-LENGTH DATA ELEMENTS--GENERAL INFORMATION
fixed length control field 000000n2005 000 0 eng u
035 ## - SYSTEM CONTROL NUMBER
System control number (Sirsi) u130126
041 ## - LANGUAGE CODE
Language code of text/sound track or separate title eng
050 ## - LIBRARY OF CONGRESS CALL NUMBER
Classification number 333.33
-- 18
110 ## - MAIN ENTRY--CORPORATE NAME
Corporate name or jurisdiction name as entry element Valuation Office Agency
9 (RLIN) 3141
245 ## - TITLE STATEMENT
Title Property market report - January 2005
Medium [electronic resource]
260 ## - PUBLICATION, DISTRIBUTION, ETC.
Place of publication, distribution, etc. London
Name of publisher, distributor, etc. Valuation Office Agency
Date of publication, distribution, etc. 2005
300 ## - PHYSICAL DESCRIPTION
Extent 126p.
Dimensions 30cm.
520 ## - SUMMARY, ETC.
Summary, etc. The January 2005 web-based edition of this bi-annual report from the Valuation Office Agency (VOA). The report covers all the major sectors of the property market and is based on valuations prepared by the VOA's local offices of typical property types. Includes a commentary on the City of London commercial property market covering the last fifteen months.
590 ## - LOCAL NOTE (RLIN)
Local note IKA190705
651 #4 - SUBJECT ADDED ENTRY--GEOGRAPHIC NAME
Geographic name United Kingdom
Chronological subdivision
690 ## - LOCAL SUBJECT ADDED ENTRY--TOPICAL TERM (OCLC, RLIN)
Topical term or geographic name as entry element PROPERTY-PROPERTY MARKET
856 ## - ELECTRONIC LOCATION AND ACCESS
Uniform Resource Identifier <a href="https://webarchive.nationalarchives.gov.uk/20110320170052/http://www.voa.gov.uk/publications/property_market_report/pmr-jan-2005/index.htm">https://webarchive.nationalarchives.gov.uk/20110320170052/http://www.voa.gov.uk/publications/property_market_report/pmr-jan-2005/index.htm</a>
Public note View the item free of charge at http://webarchive.nationalarchives.gov.uk
942 ## - ADDED ENTRY ELEMENTS (KOHA)
Suppress in OPAC 0
Holdings
Withdrawn status Lost status Source of classification or shelving scheme Damaged status Not for loan Home library Current library Shelving location Date acquired Total Checkouts Full call number Barcode Date last seen Copy number Price effective from Koha item type
    Dewey Decimal Classification     Virtual Virtual Online 27/06/2005   ONLINE PUBLICATION 130126-4001 06/08/2019 1 06/08/2019 Book